|
|
|
|
| LEADER |
00000nab a2200000 a 4500 |
| 001 |
vtls001561406 |
| 003 |
SK-MaSNL |
| 005 |
20260304010843.0 |
| 008 |
160314c2005 xo wr|p|||||||000 b|slo |
| 015 |
|
|
|a SNBRB2005/04
|2 snkbucl
|
| 038 |
|
|
|a SNKBUCL
|
| 040 |
|
|
|a SNKBUCL
|b slo
|c SNKBUCL
|e AACR2
|
| 041 |
0 |
|
|a slo
|
| 044 |
|
|
|a xo
|c SK
|
| 080 |
|
|
|a 82:929:821.162.4
|2 UDC-MRF-SK2
|
| 080 |
|
|
|a 821.162.4:929
|2 UDC-MRF-SK2
|
| 100 |
1 |
|
|a Varnusz, Jozef,
|d 1966-
|4 ivr
|9 226090
|
| 245 |
1 |
0 |
|a O trpkostiach a radostiach
|b so spisovateľom Ballom sa zhováral Jozef Varnusz
|
| 300 |
|
|
|b Fotogr.
|
| 600 |
0 |
7 |
|a Balla,
|d 1967-
|2 snkbucl
|9 103595
|
| 655 |
|
7 |
|a rozhovory
|2 snkbucl
|9 31831
|
| 700 |
0 |
|
|a Balla,
|d 1967-
|4 ive
|9 103595
|
| 773 |
0 |
|
|t Slovo. Spoločensko-politický týždenník
|g Roč. VII, č. 4 (2005), s. 13-14
|x 1335-468X
|
| 852 |
|
|
|a SNK
|b KIS3GCP
|
| 958 |
|
|
|a SK
|
| 958 |
|
|
|a LX
|
| 999 |
|
|
|c 2563294
|d 2565224
|